History Quiz

Random History or State Quiz

US Senators - Nevada Quiz Stats

 Plays Quiz not verified by Sporcle

Challenge
Share
Tweet
Embed
Score 0/27 Timer 06:00
0 Plays Today
Years Served Senator % Correct
1987-2017Harry Reid
94.7%
2017-PresentCatherine Cortez Masto
81.3%
2001-2011John Ensign
76.3%
2011-PresentDean Heller
76.3%
1974-1987Paul Laxalt
60.5%
1989-2001Richard Bryan
50%
1983-1989Chic Hecht
42.1%
1954-1974Alan Bible
39.5%
1959-1983Howard Cannon
39.5%
1954Ernest S. Brown
31.6%
1873-1903John P. Jones
26.3%
1865-1873James W. Nye
23.7%
1913-1940Key Pittman
21.1%
1933-1954Pat McCarran
21.1%
Years Served Senator % Correct
1921-1933Tasker Oddie
18.4%
1947-1959George W. Malone
15.8%
1865-1875William Stewart
13.2%
1875-1881William Sharon
13.2%
1881-1887James Graham Fair
13.2%
1887-1905William Stewart
13.2%
1905-1912George S. Nixon
13.2%
1940-1942Berkeley L. Bunker
13.2%
1942-1945James G. Scrugham
13.2%
1945-1947Edward P. Carville
13.2%
1912-1913William A. Massey
10.5%
1903-1917Francis G. Newlands
10.5%
1918-1921Charles Henderson
7.9%

You're not logged in!

Compare scores with friends on all Sporcle quizzes.
OR
Log In

You Might Also Like...

Show Comments

Extras

Top Quizzes Today


Score Distribution

Your Account Isn't Verified!

In order to create a playlist on Sporcle, you need to verify the email address you used during registration. Go to your Sporcle Settings to finish the process.

Report this User

Report this user for behavior that violates our Community Guidelines.

Details: